100 Biggest Cities* in South Africa - Statistics

General Stats
  • This quiz has been taken 749 times
  • The average score is 18 of 100
Answers on the Map
Answers color-coded by a green-red scale on the quiz's map according to % correct below.
 
Answer Stats
Answer State Population % Correct
Cape Town WC 3,430,992
99%
Johannesburg GT 7,860,781
94%
Durban KZN 2,786,046
90%
Pretoria GT 1,763,336
90%
Bloemfontein FS 464,591
87%
Port Elizabeth EC 876,436
81%
East London EC 295,644
63%
Pietermaritzburg KZN 475,238
56%
Kimberley NC 225,155
49%
Polokwane LIM 227,407
46%
George WC 157,397
45%
Paarl WC 197,735
38%
Stellenbosch WC 80,316
38%
Rustenburg NW 311,901
37%
Newcastle KZN 291,484
35%
Welkom FS 211,014
31%
Upington NC 67,581
29%
Nelspruit MP 58,670
26%
Worcester WC 97,075
25%
Knysna WC 50,029
24%
Mossel Bay WC 65,887
23%
Vereeniging GT 377,922
23%
Richards Bay KZN 50,533
22%
Middelburg MP 163,809
20%
Witbank MP 311,657
19%
Klerksdorp NW 189,496
18%
Potchefstroom NW 148,804
18%
Hermanus WC 46,856
17%
Ladysmith KZN 119,726
17%
Somerset West WC 188,035
17%
Bethal MP 60,780
15%
Queenstown EC 98,988
15%
Soshanguve GT 728,063
15%
Mthatha EC 137,589
14%
Oudtshoorn WC 61,508
14%
Uitenhage EC 242,924
14%
Bethlehem FS 76,015
13%
Evaton GT 605,504
13%
Heidelberg GT 71,661
13%
Botshabelo FS 181,712
12%
Mahikeng NW 64,359
12%
Mokopane LIM 75,516
12%
Port Shepstone KZN 37,089
12%
Ermelo MP 83,735
11%
King William's Town EC 77,682
11%
Kroonstad FS 97,780
11%
Musina LIM 42,677
11%
Stanger KZN 134,525
11%
Virginia FS 66,208
11%
Vryheid KZN 47,365
11%
Atlantis WC 69,055
10%
Grahamstown EC 67,264
10%
Mpumalanga KZN 62,406
10%
Vryburg NW 46,639
10%
Bela-Bela LIM 44,999
9%
Malmesbury WC 35,897
9%
Sasolburg FS 113,368
9%
Thohoyandou LIM 89,427
9%
Vredenburg WC 38,382
9%
Brits NW 65,113
8%
Ficksburg FS 41,248
8%
Graaff-Reinet EC 35,672
8%
Lichtenburg NW 45,449
8%
Parys FS 48,169
8%
Barberton MP 48,505
7%
Cradock EC 36,671
7%
Embalenhle MP 118,889
7%
Kokstad KZN 51,540
7%
Mdantsane EC 171,522
7%
Orkney NW 91,854
7%
Phuthaditjhaba FS 56,251
7%
Carletonville GT 149,065
6%
Dundee KZN 34,924
6%
Hammanskraal GT 94,273
6%
Modimolle LIM 41,988
6%
Odendaalsrus FS 63,743
6%
Tongaat KZN 54,109
6%
Aliwal North EC 35,153
5%
Bothaville FS 46,029
5%
Butterworth EC 44,308
5%
Lebowakgomo LIM 35,089
5%
Lydenburg MP 41,403
5%
Mankweng LIM 41,298
5%
Standerton MP 84,383
5%
Stilfontein NW 63,836
5%
Thaba Nchu FS 60,696
5%
Tweefontein MP 95,457
5%
Bronkhorstspruit GT 34,395
4%
Delmas MP 52,125
4%
Mondlo KZN 44,981
4%
Schweizer-Reneke NW 41,227
4%
Fochville GT 38,491
3%
Siyabuswa MP 36,882
3%
Trichardt MP 44,049
3%
Ekangala GT 48,492
2%
eMkhondo MP 57,428
2%
Kwaggafontein MP 45,104
2%
Nkowankowa LIM 42,859
2%
Letlhabile NW 41,497
0%
Mkhuhlu MP 35,864
0%
No matching quizzes found
Score Distribution
Percent of People with Each Score
Percentile by Number Answered
Your Score History
You have not taken this quiz